| 000 | 01002cab a2200313 4500 | ||
|---|---|---|---|
| 001 | WB3113-36 | ||
| 008 | 090401t1995 xxu||||| |||| 00| 0 eng d | ||
| 035 | _a(Sirsi) u41160 | ||
| 041 | _aeng | ||
| 245 | _aStrategic planning for London | ||
| 260 | _c1995 | ||
| 350 | _a0 | ||
| 490 |
_aEvening Standard _v29 March 1995, 2 |
||
| 490 |
_aTimes _v30 March 1995, 8 |
||
| 490 |
_aDoE News Release _v(151) 29 March 1995 (5) |
||
| 520 | _aDiscusses the new Strategic Planning Guidance for London and highlights plans for the River Thames, including possible new crossings and future construction along the banks that will enhance the river. | ||
| 650 | _aHOUSING | ||
| 650 |
_aLand use _96251 |
||
| 650 | _aLONDON | ||
| 650 | _aPLANNING POLICY | ||
| 650 | _aPOLLUTION | ||
| 650 | _aPUBLIC TRANSPORT | ||
| 650 | _aREGENERATION | ||
| 650 | _aRIVER THAMES | ||
| 650 | _aSTRATEGIC PLANNING GUIDANCE FOR LONDON | ||
| 690 | _aPLANNING LAW AND PRACTICE | ||
| 942 | _n0 | ||
| 948 | _c04/03/1997 | ||
| 999 |
_c26439 _d26439 |
||